[Event "Jaen op 21st"]
[Site "Jaen"]
[Date "2011.02.06"]
[Round "2"]
[White "Molina Perez, Jesus"]
[Black "Granda Zuniga, Julio E"]
[Result "0-1"]
[WhiteElo "2079"]
[BlackElo "2615"]
[PlyCount "82"]
[EventDate "2011.02.06"]
[EventType "swiss (rapid)"]
[EventRounds "9"]
[EventCountry "ESP"]
[SourceTitle "CBM 140 Extra"]
[Source "ChessBase"]
[SourceDate "2011.03.01"]
[SourceVersion "1"]
[SourceVersionDate "2011.03.01"]
[SourceQuality "1"]

1. e4 c6 2. d4 d5 3. Nc3 dxe4 4. Nxe4 Bf5 5. Ng3 Bg6 6. Nf3 Nd7 7. h4 h6 8. h5 Bh7 9. Bd3 Bxd3 10. Qxd3 e6 11. Bd2 Ngf6 12. c4 b5 13. 0-0 bxc4 14. Qxc4 Qb6 15. Ne5 Nxe5 16. dxe5 Nd5 17. a3 Be7 18. b4 0-0 19. Rfe1 c5 20. Qg4 Kh8 21. bxc5 Qxc5 22. Be3 Nxe3 23. Rxe3 Rad8 24. Ne2 Bg5 25. Re4 Rd3 26. Rd4 Qxe5 27. Rxd3 Qxa1+ 28. Kh2 Kg8 29. Qe4 Qe1 30. Qf3 Bf6 31. Ng3 Qe5 32. Qe4 Qc5 33. Qf3 Be5 34. Kh3 Qe7 35. Ne4 f5 36. Nd2 Bb8 37. Nc4 Kh7 38. g3 e5 39. Qd5 e4 40. Rd2 Qg5 41. Ne3 Rh8 0-1